01913 a2200265 45000010006000000050017000060080041000230030015000640400040000790800023001192450078001422640085002203000019003055051036003240410008013601000066013687000024014347000024014587000023014827000027015057000031015327000028015637000029015917000027016203972020260407155654.0260407a1987 arg spa dAR-UNSa-BCEJYS aAR-UNSa-BCEJYSbspacAR-UNSa-BCEJYS a347xDerecho Civil10aProyecto de Ley sobre unificación de la Legislación Civil y Comercial 1aCórdoba :bAcademia Nacional de Derecho y Ciencias Sociales de Córdobac1987 a511 p.c21 cm. a1. Una aproximación al proyecto de unificación ligislativa civil y comercial - 2. Proyecto de unificación de la legislación civil y comercial - 3. Unificación de la legislación civil y comercial - 4. En torno al proyecto de unificación del derecho privado, empresa y sociedad como base del nuevo derecho mercantil - 5. Proyecto de ley de unificación de la legislación civil y comercial de la Nación - 6. Sobre el proyecto de ley de unificación de la legislación civil y comercial - 7. Unificación de la legislación civil y comercial - 8. El plexo normativo: el finalismo de las leyes, los usos y costumbres - 9. VI Reunión conjunta de Academias Nacionales de Derecho y Ciencias Sociales: El régimen concursal en el proyecto de ley de unificación de la legislación civil y comercial - 10. Prescripción - 11. Contratos asociativos - 12. Fuentes de derecho en el proyecto de unificación (Art. 16) - 13. Personas jurídicas - 14. Sobre el Art. 1151 (2º apartado) del proyecto de unificación. aspa1 aAcademia Nacional de Derecho y Ciencias Sociales de Córdoba1 aBrebbia, Roberto H.1 aCamara, Héctor R.1 aCarranza, Jorge A.1 aCornejo Costas, Emilio1 aMoisset de Espanés, Luis1 aMosset Iturraspe, Jorge1 aNovillo Saravia, Lisardo1 aRichard, Efraín Hugo